00237nam a2200097Ia 4500008004100000100001300041245002900054260002700083300000900110650002000119190216s9999||||xx |||||||||||||| ||und|| aThakazhi 0aAnubhavangal Paalichakal bD C Books Keralac1976 a187p aMalayalam Novel